000 00741cam a22002412 4500
001 0000018923
005 20151217155223.0
008 100816s xx 000 0 eng d
020 _a0195517326 :
040 _aKABU
_cKABU
100 1 _aWhite, Rob.
_@0000160053
245 1 0 _aCrime and criminology :
_ban introduction /
_cRob White, Fiona Haines.
250 _a3rd ed.
260 _aOxford :
_bO. U. P.,
_c2004.
300 _aviii, 247 p.
650 0 _aCrime.
_@0000153131
650 0 _aCriminology.
_@0000153132
700 1 _aHaines, Fiona.
_@0000160054
852 1 _9p2520 KES
852 1 _9p2520 KES
908 _a100816
950 _@1
999 _c12078
_d12078